| 000 | 00884nam a22002897a 4500 | ||
|---|---|---|---|
| 001 | 46072 | ||
| 003 | ES-MaCES | ||
| 005 | 20150925134801.0 | ||
| 008 | 150701b2005 sp ||||| |||| 00| ||spa d | ||
| 040 |
_aES-MaCES _bspa _cES-MaCES |
||
| 100 | 1 |
_935816 _aPérez del Blanco, Gilberto |
|
| 245 | 1 | 0 |
_aEstructura y titulaciones de educación superior en España _cGilberto Pérez del Blanco |
| 260 |
_a[S.l. _bs.n. _c2005?] |
||
| 300 |
_a87 p. _c30 cm |
||
| 500 | _aTít. tomado de la cub | ||
| 500 | _aEjemp. fotocopiado | ||
| 541 | _cGratuito | ||
| 650 | 4 |
_927379 _aenseñanza superior |
|
| 650 | 4 |
_927443 _agraduado universitario |
|
| 650 | 4 |
_929943 _aequivalencia de certificados |
|
| 650 | 4 |
_929894 _arégimen jurídico |
|
| 650 | 4 |
_926964 _aEspaña |
|
| 653 | 1 | 0 | _aEducación |
| 650 | 4 |
_927434 _auniversidad |
|
| 902 | _aDOC Literatura gris | ||
| 942 |
_2CES _cBK _h4.0. |
||
| 999 |
_c46072 _d46072 |
||